| 000 | 00872nam a2200253 i 4500 | ||
|---|---|---|---|
| 001 | bg | ||
| 003 | KOSZ 005 | ||
| 005 | 20201026083817.0 | ||
| 008 | 070620s1969 pl a f 000 0 pol | ||
| 015 | _aPB 1969/3260 | ||
| 040 |
_aWA N _cKOSZ 005/RW _dKOSZ 005/RW |
||
| 080 | _a66.1 | ||
| 100 | 1 |
_aMazanek, Eugeniusz _d(1910-1984) _eAutor |
|
| 245 | 1 | 0 |
_aTechnologia i praktyka wielkopiecowa / _cEugeniusz Mazanek, Leszek Król. |
| 260 |
_aKatowice : _b"Śląsk", _c1969. |
||
| 300 |
_a204, [3] s. : _bil. ; _c23 cm. |
||
| 380 | _aKsiążki. | ||
| 504 | _aBibliogr. przy rozdz. | ||
| 650 | 4 |
_aPiec wielki _xtechnologia. |
|
| 700 | 1 |
_aKról, Leszek _c(nauki techniczne). |
|
| 710 | 2 |
_aWydawnictwo "Śląsk" _4pbl. |
|
| 856 |
_uhttp://koha.tu.koszalin.pl/cgi-bin/koha/opac-detail.pl?biblionumber=7946 _yKatalog online BPK |
||
| 942 |
_2UKD _cKS |
||
| 999 |
_c7946 _d7946 |
||